25 biggest cities in Luxembourg - Statistics

General Stats
  • This quiz has been taken 49 times
  • The average score is 10 of 25
Answer Stats
Hint Answer % Correct
76,684 Luxembourg
93%
18,013 Dudelange
87%
28,228 Esch-sur-alzette
80%
5,296 Differdange
73%
7,187 Petange
67%
6,242 Diekirch
53%
4,787 Echternach
53%
3,958 Grevenmacher
53%
3,464 Mersch
53%
7,437 Bettembourg
47%
3,187 Remich
47%
4,816 Wiltz
47%
6,364 Ettelbruck
40%
8,155 Schifflange
40%
6,006 Strassen
40%
5,017 Mamer
33%
5,313 Belvaux
27%
5,615 Bertrange
27%
4,683 Rodange
27%
4,645 Bascharage
13%
3,534 Kirchberg
13%
3,306 Mondercange
13%
4,396 Kayl
7%
4,988 Soleuvre
7%
3,627 Bereldange
0%
No matching quizzes found
Score Distribution
Percent of People with Each Score
Percentile by Number Answered
Your Score History
You have not taken this quiz